Correct the Misspelled Words - Statistics

General Stats
  • This quiz has been taken 85 times
  • The average score is 11 of 16
Answer Stats
Mispelt words Correct spelling % Correct
Embarass Embarrass
94%
Potatoe Potato
94%
Diarhea Diarrhea/Diarrhoea
93%
Definately Definitely
91%
Consience Conscience
88%
Playwrite Playwright
76%
Zuchini Zucchini
75%
Mischevious Mischievous
73%
Seperate Separate
73%
Questionaire Questionnaire
70%
Bureacracy Bureaucracy
64%
Ingenius Ingenious
61%
Unneccessary Unnecessary
54%
Fuschia Fuchsia
39%
Liquify Liquefy
27%
Manouvre Manoeuvre
27%
No matching quizzes found
Score Distribution
Percent of People with Each Score
Percentile by Number Answered
Your Score History
You have not taken this quiz